<?xml version="1.0" encoding="UTF-8"?>
<marc:record xmlns:marc="http://www.loc.gov/MARC21/slim">
   <marc:leader>00000nam a2200000 a 4500</marc:leader>
   <marc:datafield ind1="1" ind2=" " tag="100">
      <marc:subfield code="a">Snyder, Kimberly</marc:subfield>
      <marc:subfield code="4">aut</marc:subfield>
      <marc:subfield code="e">Verfasser/-in</marc:subfield>
   </marc:datafield>
   <marc:datafield ind1="1" ind2=" " tag="100">
      <marc:subfield code="a">Snyder, Kimberly</marc:subfield>
   </marc:datafield>
   <marc:datafield ind1=" " ind2=" " tag="653">
      <marc:subfield code="a">New York Times Bestseller</marc:subfield>
   </marc:datafield>
   <marc:datafield ind1=" " ind2=" " tag="653">
      <marc:subfield code="a">Detox</marc:subfield>
   </marc:datafield>
   <marc:datafield ind1=" " ind2=" " tag="653">
      <marc:subfield code="a">grüne Smoothies</marc:subfield>
   </marc:datafield>
   <marc:datafield ind1=" " ind2=" " tag="653">
      <marc:subfield code="a">Entgiften</marc:subfield>
   </marc:datafield>
   <marc:datafield ind1=" " ind2=" " tag="653">
      <marc:subfield code="a">Vegan</marc:subfield>
   </marc:datafield>
   <marc:datafield ind1=" " ind2=" " tag="653">
      <marc:subfield code="a">Abnehmen</marc:subfield>
   </marc:datafield>
   <marc:datafield ind1=" " ind2=" " tag="653">
      <marc:subfield code="a">Beauty</marc:subfield>
   </marc:datafield>
   <marc:datafield ind1=" " ind2=" " tag="653">
      <marc:subfield code="a">Ernährungsumstellung</marc:subfield>
   </marc:datafield>
   <marc:datafield ind1=" " ind2=" " tag="653">
      <marc:subfield code="a">Superfood</marc:subfield>
   </marc:datafield>
   <marc:datafield ind1=" " ind2=" " tag="653">
      <marc:subfield code="a">Softcover / Ratgeber/Essen</marc:subfield>
   </marc:datafield>
   <marc:datafield ind1=" " ind2=" " tag="653">
      <marc:subfield code="a">Trinken/Gesunde Küche</marc:subfield>
   </marc:datafield>
   <marc:datafield ind1=" " ind2=" " tag="653">
      <marc:subfield code="a">Schlanke Küche</marc:subfield>
   </marc:datafield>
   <marc:datafield ind1=" " ind2=" " tag="653">
      <marc:subfield code="a">Ratgeber</marc:subfield>
   </marc:datafield>
   <marc:datafield ind1="0" ind2="0" tag="245">
      <marc:subfield code="a">Beauty Detox Foods</marc:subfield>
   </marc:datafield>
   <marc:datafield ind1="0" ind2="0" tag="245">
      <marc:subfield code="b">entdecke die 50 tollsten Schönheitslebensmittel, die deinen Körper verwandeln und dein schöneres Selbst zur Entfaltung bringen ; [Kochbuch ; mit über 85 leckeren Rezepten!</marc:subfield>
   </marc:datafield>
   <marc:datafield ind1="0" ind2="0" tag="245">
      <marc:subfield code="c">Kimberly Snyder. Aus dem amerikan. Engl. von Claudia Fritzsche</marc:subfield>
   </marc:datafield>
   <marc:datafield ind1=" " ind2="1" tag="264">
      <marc:subfield code="a">München</marc:subfield>
      <marc:subfield code="b">Südwest</marc:subfield>
      <marc:subfield code="c">2014</marc:subfield>
   </marc:datafield>
   <marc:datafield ind1="1" ind2=" " tag="520">
      <marc:subfield code="a">Angaben aus der Verlagsmeldung

Beauty Detox Foods : Entdecken Sie die Top-50-Beauty-Foods, die Ihren Körper verändern und Ihre wahre Schönheit offenbaren. Kochbuch mit 85 Rezepten. / von Kimberly Snyder

Das ultimative Kochbuch zum Erfolgsprogramm!

Ernährungscoach Kimberly Snyder berät Stars wie Drew Barrymore, Dita von Teese oder Olivia Wilde in Ernährungsfragen.

Kimberlys Grundansatz: bewusst ernähren, am besten gluten- und lactosefrei. Um konkrete Beauty-Resultate zu sehen, muss die Ernährung allerdings langfristig umgestellt werden. Ihr Fokus liegt auf Bio-Obst und -Gemüse. Als echte Schönmacher empfiehlt sie zum Beispiel Ananas: Die regt die Produktion von Kollagen im Körper an. Gegen Akne-Attacken helfen Zwiebeln, weil sie die Leber beim Entgiften unterstützen. Und Bananen beugen durch ihren Kalium- und Biotin-Gehalt Augenringen vor. Kultstatus hat in den USA ihr "Glowing Green Smoothie" aus Salat, Spinat und Sellerie, für einen strahlenden Teint.

Hier kommt das Kochbuch zum Erfolgsprogramm: Kimberly Snyder führt die Top-50-Detox-Foods auf, erklärt ihre speziellen Wirkweisen und liefert tolle Rezeptideen für strahlende Schönheit.

</marc:subfield>
   </marc:datafield>
   <marc:datafield ind1=" " ind2=" " tag="020">
      <marc:subfield code="a">9783517092485</marc:subfield>
      <marc:subfield code="9">9783517092485</marc:subfield>
   </marc:datafield>
   <marc:datafield ind1=" " ind2=" " tag="020">
      <marc:subfield code="a">3517092487</marc:subfield>
      <marc:subfield code="9">3517092487</marc:subfield>
   </marc:datafield>
   <marc:datafield ind1=" " ind2=" " tag="041">
      <marc:subfield code="a">ger</marc:subfield>
   </marc:datafield>
   <marc:datafield ind1=" " ind2=" " tag="300">
      <marc:subfield code="a">351 S.</marc:subfield>
   </marc:datafield>
</marc:record>
